000 00378nam a2200145Ia 4500
005 20250729165803.0
008 250729s2016 xx 000 0 und d
041 _aeng
082 _a372.25 GIRE
100 _aDr.Girish S
_9232979
245 _aEducation in Contemporary India
260 _aBangalore
_bHalluru Prakashana
_c2016
300 _a195p
650 _aEducation
_9232980
999 _c240052
_d240052